Blockchain může zkrátit námořní přepravu

Technologické firmy a prepravcovia prišli s nápadom, ktorý by mohol výrazne zrýchliť zdĺhavé spracovanie dokumentov súvivisiacich s lodnou prepravou tovarov. Plánujú využitie databázy blockchain, ktorá je známa z oblasti kryptomien. Vybavenie všetkých dokumentov by sa tak mohlo skrátiť. V oblasti po...

Ausführliche Beschreibung

Gespeichert in:
Bibliographische Detailangaben
1. Verfasser: Jurečková, Anna
Weitere Verfasser: Novotný, Radek
Format: Buchkapitel
Sprache:Tschechisch
Schlagworte:
Tags: Tag hinzufügen
Keine Tags, Fügen Sie das erste Tag hinzu!

MARC

LEADER 00000naa a2200000 4500
001 0245616
005 20180620091928.4
041 0 |a cze 
044 |a CZ 
245 1 0 |a Blockchain může zkrátit námořní přepravu  |c Anna Jurečková, Radek Novotný 
520 |a Technologické firmy a prepravcovia prišli s nápadom, ktorý by mohol výrazne zrýchliť zdĺhavé spracovanie dokumentov súvivisiacich s lodnou prepravou tovarov. Plánujú využitie databázy blockchain, ktorá je známa z oblasti kryptomien. Vybavenie všetkých dokumentov by sa tak mohlo skrátiť. V oblasti poistenia lodí sa už začal realizovať prvý reálny projekt. 
610 2 0 |a technológie informačné 
610 2 0 |a technológie komunikačné 
610 2 0 |a doprava lodná 
610 2 0 |a doprava námorná 
610 2 0 |a báza dát 
610 2 0 |a dokumenty elektronické 
610 2 0 |a inovácia 
610 2 0 |a poistenie 
100 1 |a Jurečková, Anna 
700 1 |a Novotný, Radek